| 000 | 00617nam a22001817a 4500 | ||
|---|---|---|---|
| 003 | OSt | ||
| 005 | 20130425183236.0 | ||
| 008 | 130425s2005 sp ||||| |||| 00| 0 cat d | ||
| 040 | _cCDMR | ||
| 245 |
_aComunicació i informació _celaborat sota la coordinació de Josep Maria Casasús i Guri |
||
| 260 |
_a[Barcelona] _bInstitut d'Estudis Catalans _c[2005] |
||
| 490 | 0 | _aReports de la recerca a Catalunya: 1996-2002 | |
| 650 | 0 | 4 |
_9637 _aComunicació _xEnsenyament |
| 650 | 0 | 4 |
_93284 _aComunicació _xInvestigació |
| 700 | 1 |
_9799 _aCasasús, Josep Maria |
|
| 710 | 2 |
_9559 _aInstitut d'Estudis Catalans |
|
| 942 |
_2udc _cMON |
||
| 999 |
_c6139 _d6139 |
||